000
00446nam a2200157Ia 4500
008
100122s9999 xx 000 0 und d
082
_b
34104
_a
823.08
100
_a
कर्णिक मधु मंगेश
245
_a
लामणदिवा
250
_a
1
260
_b
उदयदीप प्रकाशन
_c
1905
300
_a
196
630
_a
लामणदिवा
730
_a
लामणदिवा
942
_c
BOOK
999
_c
417977
_d
417974